Statistics for NBA Career Leaders by Team

Click here to take the quiz!

General Stats

  • This quiz has been taken 394 times
    (40 since last reset)
  • The average score is 157 of 210

Answer Stats

teamcatplayer% Correct
New Orleans PelicansGamesDavid West
100%
Dallas Mavericks3 Points | Blocks | Games | +2 othersDirk Nowitzki
100%
Miami HeatAssists | Games | Points | StealsDwyane Wade
100%
Milwaukee BucksBlocks | Games | Points | ReboundsGiannis Antetokounmpo
100%
Minnesota TimberwolvesAssists | Blocks | Games | +3 othersKevin Garnett
100%
Cleveland Cavaliers3 Points | Assists | Games | +3 othersLeBron James
100%
Chicago BullsAssists | Games | Points | +2 othersMichael Jordan
100%
Philadelphia 76ers3 PointsAllen Iverson
96%
New Orleans PelicansBlocks | Points | ReboundsAnthony Davis
96%
Boston CelticsReboundsBill Russell
96%
Los Angeles ClippersBlocks | Games | ReboundsDeAndre Jordan
96%
Charlotte HornetsGamesDell Curry
96%
Houston Rockets3 Points | AssistsJames Harden
96%
Brooklyn NetsAssists | StealsJason Kidd
96%
Utah JazzPoints | ReboundsKarl Malone
96%
Oklahoma City Thunder3 PointsKevin Durant
96%
Indiana Pacers3 Points | Assists | Games | +2 othersReggie Miller
96%
Oklahoma City ThunderPointsRussell Westbrook
96%
Golden State Warriors3 Points | Assists | Games | +2 othersStephen Curry
96%
Phoenix SunsAssistsSteve Nash
96%
Phoenix SunsPointsWalter Davis
96%
Toronto RaptorsBlocks | ReboundsChris Bosh
93%
Los Angeles Clippers | New Orleans PelicansAssists | StealsChris Paul
93%
Atlanta HawksGames | PointsDominique Wilkins
93%
Orlando MagicBlocks | Points | ReboundsDwight Howard
93%
Houston RocketsBlocks | Games | Points | +2 othersHakeem Olajuwon
93%
Utah JazzAssists | Games | StealsJohn Stockton
93%
Washington WizardsAssists | StealsJohn Wall
93%
Los Angeles LakersBlocksKareem Abdul-Jabbar
93%
Los Angeles LakersAssistsMagic Johnson
93%
New York KnicksBlocks | Games | Points | +2 othersPatrick Ewing
93%
San Antonio SpursBlocks | Games | Points | ReboundsTim Duncan
93%
San Antonio SpursAssistsTony Parker
93%
Charlotte Hornets | Miami HeatBlocksAlonzo Mourning
89%
Portland Trailblazers3 Points | PointsDamian Lillard
89%
Denver NuggetsBlocksDikembe Mutombo
89%
Detroit PistonsAssists | Points | StealsIsiah Thomas
89%
Boston CelticsGames | PointsJohn Havlicek
89%
Los Angeles Lakers3 Points | Games | Points | StealsKobe Bryant
89%
Memphis GrizzliesBlocks | ReboundsMarc Gasol
89%
Boston CelticsAssistsBob Cousy
85%
Toronto Raptors3 Points | Assists | StealsKyle Lowry
85%
Denver NuggetsAssists | ReboundsNikola Jokić
85%
Detroit PistonsBlocksBen Wallace
81%
Portland TrailblazersGames | StealsClyde Drexler
81%
Charlotte Hornets3 Points | PointsKemba Walker
81%
Sacramento KingsAssists | PointsOscar Robertson
81%
Boston Celtics3 Points | StealsPaul Pierce
81%
Boston CelticsBlocksRobert Parish
81%
Atlanta HawksReboundsBob Pettit
78%
Washington Wizards3 PointsBradley Beal
78%
Brooklyn NetsBlocks | PointsBrook Lopez
78%
Toronto RaptorsGames | PointsDeMar DeRozan
78%
Philadelphia 76ersBlocksJulius Erving
78%
San Antonio Spurs3 Points | StealsManu Ginobili
78%
Denver NuggetsGames | PointsAlex English
74%
Oklahoma City ThunderAssists | Games | StealsGary Payton
74%
Indiana PacersBlocksJermaine O'Neal
74%
Memphis Grizzlies3 Points | Assists | Games | +2 othersMike Conley
74%
Minnesota Timberwolves3 PointsKarl-Anthony Towns
70%
New York KnicksAssistsWalt Frazier
70%
Phoenix Suns3 PointsDevin Booker
67%
Detroit Pistons3 Points | GamesJoe Dumars
67%
Chicago BullsBlocksArtis Gilmore
63%
Detroit PistonsReboundsBill Laimbeer
63%
New Orleans Pelicans3 PointsJrue Holiday
63%
Portland TrailblazersReboundsLaMarcus Aldridge
63%
Washington WizardsGames | ReboundsWes Unseld
63%
Brooklyn NetsGames | ReboundsBuck Williams
59%
Miami Heat3 PointsDuncan Robinson
59%
Washington WizardsBlocks | PointsElvin Hayes
59%
Milwaukee Bucks3 PointsKhris Middleton
59%
Portland TrailblazersBlocksMychal Thompson
59%
Miami HeatReboundsUdonis Haslem
59%
Cleveland CavaliersBlocksZydrunas Ilgauskas
59%
Utah JazzBlocksMark Eaton
56%
Los Angeles LakersReboundsElgin Baylor
52%
Denver Nuggets3 PointsJamal Murray
52%
Philadelphia 76ersAssists | StealsMaurice Cheeks
52%
Los Angeles ClippersPoints | StealsRandy Smith
52%
Philadelphia 76ersReboundsDolph Schayes
48%
Oklahoma City ThunderReboundsJack Sikma
48%
Phoenix SunsGames | Rebounds | StealsAlvan Adams
44%
Philadelphia 76ersGames | PointsHal Greer
41%
Golden State WarriorsReboundsNate Thurmond
41%
Denver NuggetsStealsFat Lever
37%
Oklahoma City ThunderBlocksSerge Ibaka
37%
Atlanta HawksAssistsDoc Rivers
33%
Charlotte HornetsAssists | StealsMuggsy Bogues
33%
Portland TrailblazersAssistsTerry Porter
33%
Orlando MagicAssists | GamesNick Anderson
30%
Dallas MavericksAssists | StealsDerek Harper
26%
Brooklyn Nets3 PointsJoe Harris
26%
Atlanta HawksBlocksTree Rollins
26%
Orlando Magic3 PointsDennis Scott
22%
Orlando MagicStealsJameer Nelson
22%
New York Knicks3 PointsJohn Starks
22%
Phoenix SunsBlocksLarry Nance
22%
Atlanta Hawks3 Points | StealsMookie Blaylock
19%
Sacramento Kings3 PointsBuddy Hield
15%
Indiana PacersReboundsMel Daniels
15%
Charlotte HornetsReboundsEmeka Okafor
11%
Chicago Bulls3 PointsKirk Hinrich
11%
Milwaukee BucksAssistsPaul Pressey
11%
Sacramento KingsBlocks | Games | Rebounds | StealsSam Lacey
11%
Utah Jazz3 PointsJoe Ingles
4%
Milwaukee BucksStealsQuinn Buckner
4%
Golden State WarriorsBlocksAdonal Foyle
0%
Los Angeles Clippers3 PointsEric Piatkowski
0%

Score Distribution

Percentile by Number Answered

Percent of People with Each Score

Your Score History

You have not taken this quiz since the last reset